Koldus [elbeszélés] /

Elmentve itt :
Bibliográfiai részletek
Szerző: Máté-Tóth András
Dokumentumtípus: Könyv része
Megjelent: Szeged Humanities Press Szeged 2024
Sorozat:Ilia90 : szövegmunkák egy tápai diplomatának
Kulcsszavak:Magyar irodalom - novella
Tárgyszavak:
Online Access:http://acta.bibl.u-szeged.hu/85628
LEADER 00735naa a2200205 i 4500
001 acta85628
005 20241119134412.0
008 241119s2024 hu o 000 hun d
020 |a 978 963 306 997 4 
040 |a SZTE Egyetemi Kiadványok Repozitórium  |b hun 
041 |a hun 
100 2 |a Máté-Tóth András 
245 1 0 |a Koldus   |h [elektronikus dokumentum] :  |b [elbeszélés] /  |c  Máté-Tóth András 
260 |a Szeged Humanities Press  |b Szeged  |c 2024 
300 |a 53-54 
490 0 |a Ilia90 : szövegmunkák egy tápai diplomatának 
650 4 |a Bölcsészettudományok 
650 4 |a Nyelvek és irodalom 
695 |a Magyar irodalom - novella 
856 4 0 |u http://acta.bibl.u-szeged.hu/85628/1/ilia90_2024_053-054.pdf  |z Dokumentum-elérés